|
|
|
|
| LEADER |
00000naa a2200000 ar4500 |
| 001 |
vtls009332286 |
| 003 |
SK-MaSNL |
| 005 |
20260302144124.0 |
| 008 |
080910c2008 xo |||| ||| 000 b|slo |
| 015 |
|
|
|a SNBRA2008/09
|2 snkbucl
|
| 038 |
|
|
|a SNKBUCL
|
| 040 |
|
|
|a SNKBUCL
|b slo
|c SNKBUCL
|e AACR2
|
| 041 |
0 |
|
|a slo
|b eng
|
| 044 |
|
|
|a xo
|c SK
|
| 080 |
|
|
|a 811.162.4`232
|2 2001
|
| 080 |
|
|
|a 811.162.4`233
|2 2001
|
| 080 |
|
|
|a 81`233:811.162.4
|2 2001
|
| 080 |
|
|
|a 81`232:811.162.4
|2 2001
|
| 080 |
|
|
|a 373.24
|x (437.6)
|2 2001
|
| 080 |
|
|
|a 373.2
|x (437.6)
|2 2001
|
| 080 |
|
|
|a 372.3
|x (437.6)
|2 2001
|
| 100 |
1 |
|
|a Vužňáková, Katarína
|4 aut
|9 268363
|
| 245 |
1 |
0 |
|a Rečová (jazyková) výchova v materskej škole a vývin detskej reči
|c Katarína Vužňáková
|
| 300 |
|
|
|b Sch.
|
| 504 |
|
|
|a Literatúra
|
| 546 |
|
|
|a Res. angl.
|
| 650 |
0 |
7 |
|a rečová výchova
|2 snkbucl
|9 756640
|
| 650 |
0 |
7 |
|a jazyková výchova
|2 snkbucl
|9 309417
|
| 650 |
0 |
7 |
|a materské školy
|2 snkbucl
|9 1278
|
| 655 |
|
7 |
|a štúdie
|2 snkbucl
|9 57033
|
| 773 |
0 |
|
|t Slovo o slove : zborník Katedry komunikačnej a literárnej výchovy Pedagogickej fakulty Prešovskej univerzity. Ročník 14
|d Prešov : Prešovská univerzita, 2008
|g S. 150-158
|z 9788080687526
|
| 852 |
|
|
|a SNK
|b KIS3GCP
|
| 958 |
|
|
|a NB
|
| 999 |
|
|
|c 1347555
|d 1349485
|